|
|
|
|
| LEADER |
01157nam a2200373 4500 |
| 001 |
DLU030023096 |
| 005 |
##20021023200054.0 |
| 008 |
##010418s2002 nyua b 001 0 eng |
| 010 |
# |
# |
|a 2001032142
|
| 020 |
# |
# |
|a 0195117026 (alk. paper)
|
| 020 |
# |
# |
|a 0195117034 (pbk.)
|
| 040 |
# |
# |
|a DLC
|c DLC
|d DLC
|
| 042 |
# |
# |
|a pcc
|
| 050 |
# |
# |
|a QP82
|b .H632 2002
|
| 082 |
# |
# |
|a 572.838
|b 52
|
| 100 |
# |
# |
|a Hochachka, Peter W.
|
| 245 |
# |
# |
|a Biochemical adaptation :
|b mechanism and process in physiological evolution /
|c Peter W. Hochachka, George N. Somero.
|
| 260 |
# |
# |
|a New York :
|b Oxford University Press,
|c 2002.
|
| 300 |
# |
# |
|a xi, 466 p. :
|b ill. ;
|c 26 cm.
|
| 504 |
# |
# |
|a Includes bibliographical references and index.
|
| 650 |
# |
# |
|a Adaptation (Physiology)
|
| 650 |
# |
# |
|a Molecular evolution.
|
| 650 |
# |
# |
|a Physiology, Comparative.
|
| 700 |
# |
# |
|a Somero, George N.
|
| 856 |
# |
# |
|3 Table of contents
|u http://www.loc.gov/catdir/toc/fy031/2001032142.html
|
| 992 |
# |
# |
|a 52
|
| 994 |
# |
# |
|a DLU
|
| 900 |
# |
# |
|a True
|
| 911 |
# |
# |
|a Lê Thị Mạnh Xuân
|
| 925 |
# |
# |
|a G
|
| 926 |
# |
# |
|a A
|
| 927 |
# |
# |
|a SH
|
| 980 |
# |
# |
|a Thư viện Trường Đại học Đà Lạt
|